| Tag |
First Indicator |
Second Indicator |
Subfields |
| LEADER |
00000cam a22000001a 4500 |
| 001 |
in00004121613 |
| 005 |
20200117100222.0 |
| 006 |
m d f |
| 007 |
cr bn mmmapmmp |
| 008 |
141121s2014 mdu o f000 0 eng d |
| 035 |
|
|
|a chdc20140968
|
| 040 |
|
|
|a UMI
|c UMI
|d UtOrBLW
|
| 043 |
|
|
|a n-us---
|
| 086 |
0 |
|
|a Y 4.C 73/8:113-118
|
| 110 |
1 |
|
|a United States.
|b Congress.
|b House.
|b Committee on Energy and Commerce.
|b Subcommittee on Oversight and Investigations.
|0 http://id.loc.gov/authorities/names/n82106292
|
| 245 |
1 |
0 |
|a Department of Energy Oversight :
|b Status of Clean Coal Programs.
|
| 264 |
|
1 |
|a Bethesda, Md. :
|b ProQuest,
|c 2014.
|
| 300 |
|
|
|a 97 pages, digital, PDF file.
|
| 336 |
|
|
|a text
|b txt
|2 rdacontent
|
| 337 |
|
|
|a computer
|b c
|2 rdamedia
|
| 338 |
|
|
|a online resource
|b cr
|2 rdacarrier
|
| 500 |
|
|
|a Record is based on bibliographic data in ProQuest U.S. Congressional Hearings Digital Collection. Reuse except for individual research requires license from ProQuest, LLC.
|
| 500 |
|
|
|a Electronic resource.
|
| 533 |
|
|
|a Electronic reproduction.
|b [Bethesda, Md.] :
|c ProQuest,
|d 2014.
|e digital, PDF file.
|n ProQuest Congressional Hearings Digital Collection.
|n Mode of access: World Wide Web via ProQuest website.
|
| 538 |
|
|
|a System requirements: PDF reader software.
|
| 610 |
1 |
0 |
|a United States.
|b Department of Energy.
|0 http://id.loc.gov/authorities/names/n78034868
|
| 650 |
|
0 |
|a Coal-fired power plants
|x Government policy
|z United States.
|
| 650 |
|
0 |
|a Carbon sequestration
|x Government policy
|z United States.
|
| 776 |
0 |
8 |
|i Microfiche version:
|a United States. Congress. House. Committee on Energy and Commerce. Subcommittee on Oversight and Investigations.
|t Department of Energy Oversight
|o CIS 2014 H361-89
|w cis201402988
|
| 856 |
4 |
0 |
|u http://proxy.library.tamu.edu/login?url=http://search.proquest.com/congcomp/getdoc?HEARING-ID=HRG-2014-HEC-0004
|y Electronic resource (PDF)
|z CIS 2014-H361-89
|t 0
|
| 998 |
|
|
|a cis201402988
|
| 999 |
f |
f |
|s d56b59cc-698f-3a78-bb54-bfb65fd89871
|i 15ddc562-8a9e-3898-9322-4d2ae7cb1ba8
|t 0
|
| 952 |
f |
f |
|a Texas A&M University
|b College Station
|c Electronic Resources
|d Available Online
|t 0
|e Y 4.C 73/8:113-118
|h Superintendent of Documents classification
|
| 998 |
f |
f |
|a Y 4.C 73/8:113-118
|t 0
|l Available Online
|